000 00679nam a2200193 a 4500
005 20240919064721.0
008 991125s1971 fr 000 0 fre u
035 _aUPN01000023588
049 _aF
050 4 _aLB5
_bB13
100 1 _aOkon, Wincent,
_d1914-
245 1 2 _aL'evolution du contenu et de la structure de l'education consideree comme un facteur du developpement economique et social et des aspirations de l'individu /
_cWincenty Okon.
260 _a[París] :
_bUNESCO,
_c1971.
300 _a11 p.13
440 0 _aSérie B.
_pOpinions ;
_v13
650 4 _aEducación
_xAspectos económicos
_911820
650 4 _aEducación
_xAspectos sociales
_95311
905 _aLibro
999 _c23588
_d23588